000 00495cam a2200205ua 4500
001 10700
005 20260515114642.0
008 190327n ii |||gr||||Z||||||eng
020 _a9789380261447
040 _cMAIN
082 _a320.5
100 _aHaren Chandra Kalita,
_eAuthor.
245 _aPolitical theory
250 _a1st ed.
260 _aGuwahati:
_bEBH publishers,
_c2012.
300 _a133p.
653 _aPolitical science
700 _aDipankar Saikia,
_eAuthor.
942 _cBK
999 _c9661
_d9661